| 000 | 00941nac a22002291u 4500 | ||
|---|---|---|---|
| 010 | _a009811290 | ||
| 020 | _a0156070510 (pbk.) | ||
| 082 |
_a658.84 _bCOT. |
||
| 090 |
_c5346 _d5346 |
||
| 100 | _aCottle, David W. (Daviiam) | ||
| 245 |
_a2000 Professional’s guide to target marketing : how to gain profitable new business / _cDavid W. Cottle. |
||
| 260 |
_aSan Diego ; London : _bHarcourt Professional, c2000. _cc2000. |
||
| 300 |
_axxiv, 407 p. : _b ill. ; _c 23 cm. |
||
| 500 | _aSpine title: Target marketing. | ||
| 500 | _aOne computer optical disc in pocket attached to inside back cover. | ||
| 500 | _aDistributer : Al Ahram. | ||
| 504 | _aIncludes bibliographical references and index. | ||
| 511 | _aCatalogued By : Mahitab. | ||
| 650 | _aTarget Marketing. | ||
| 942 |
_cBB _k658.84 COT. |
||
| 999 |
_c5346 _d5346 |
||